| 000 | 00643nam a22001937a 4500 | ||
|---|---|---|---|
| 003 | NUST-PNEC | ||
| 005 | 20170116180709.0 | ||
| 008 | 141001b xxu||||| |||| 00| 0 eng d | ||
| 040 | _cPNEC | ||
| 082 | _a621.811 OBE | ||
| 100 |
_9469 _aOberg Erik |
||
| 245 |
_aMachinery's Handbook 24 Edition - Part 1 _cErik Oberg |
||
| 250 | _a24th edition | ||
| 260 |
_aNew York _bIndustrial Press Inc. _cc.1992 |
||
| 300 |
_axi, 1209 p. _bill.: _c19 cm. |
||
| 500 | _ahttp://www.amazon.com/Machinerys-Handbook-24-Edition/dp/B000HPH9L6/ref=sr_1_1?s=books&ie=UTF8&qid=1412155467&sr=1-1&keywords=Machinery%27s+Handbook+24 | ||
| 650 | _xME | ||
| 942 |
_2ddc _cBK |
||
| 999 |
_c60861 _d60861 |
||